| 000 | 00355nam a22001457a 4500 | ||
|---|---|---|---|
| 005 | 20250529165548.0 | ||
| 008 | 250529b |||||||| |||| 00| 0 eng d | ||
| 020 | _a9780802437259 | ||
| 050 |
_aBV4211 _bEVA |
||
| 100 | _aEVANS WILLIAM | ||
| 245 | _aHOW TO PREPARE SERMONS | ||
| 260 |
_aCHICAGO _bMOODY PRESS _cc1964 |
||
| 300 | _a158p | ||
| 942 |
_2lcc _cBK _n0 |
||
| 999 |
_c6048 _d6048 |
||